Mechanical and Electrical Systems in Buildings / (Record no. 982)
[ view plain ]
| 000 -LEADER | |
|---|---|
| fixed length control field | 00930nac a22002291u 4500 |
| 008 - FIXED-LENGTH DATA ELEMENTS--GENERAL INFORMATION | |
| fixed length control field | 101007s2005 nju||||| |||| 001 0 eng d |
| 020 ## - INTERNATIONAL STANDARD BOOK NUMBER | |
| International Standard Book Number | 0131293737 (pbk.) |
| 020 ## - INTERNATIONAL STANDARD BOOK NUMBER | |
| International Standard Book Number | 9780131293731 |
| 082 ## - DEWEY DECIMAL CLASSIFICATION NUMBER | |
| Classification number | 696 |
| Item number | JAN |
| 100 ## - MAIN ENTRY--PERSONAL NAME | |
| Personal name | Janis, Richard R. |
| 9 (RLIN) | 20167 |
| 245 ## - TITLE STATEMENT | |
| Title | Mechanical and Electrical Systems in Buildings / |
| Statement of responsibility, etc | Richard R. Janis, William K. Y. Tao. |
| 250 ## - EDITION STATEMENT | |
| Edition statement | 3rd ed. |
| 260 ## - PUBLICATION, DISTRIBUTION, ETC. (IMPRINT) | |
| Place of publication, distribution, etc | Upper Saddle River, N.J. : |
| Name of publisher, distributor, etc | Pearson/Prentice Hall, |
| Date of publication, distribution, etc | c2005. |
| 300 ## - PHYSICAL DESCRIPTION | |
| Extent | xvii, 663 p.: |
| Other physical details | ill. ; |
| Dimensions | 28 cm. |
| 504 ## - BIBLIOGRAPHY, ETC. NOTE | |
| Bibliography, etc | Includes bibliographical references, glossary and index. |
| 650 ## - SUBJECT ADDED ENTRY--TOPICAL TERM | |
| Topical term or geographic name as entry element | Buildings |
| General subdivision | Mechanical equipment. |
| 9 (RLIN) | 20168 |
| 650 ## - SUBJECT ADDED ENTRY--TOPICAL TERM | |
| Topical term or geographic name as entry element | Buildings |
| General subdivision | Electric equipment. |
| 9 (RLIN) | 20169 |
| 650 ## - SUBJECT ADDED ENTRY--TOPICAL TERM | |
| Topical term or geographic name as entry element | Buildings |
| General subdivision | Energy conservation |
| 9 (RLIN) | 20159 |
| 700 ## - ADDED ENTRY--PERSONAL NAME | |
| Personal name | Tao, William K. Y. |
| 9 (RLIN) | 20170 |
| 942 ## - ADDED ENTRY ELEMENTS (KOHA) | |
| Item type | Book - Borrowing |
| Call number prefix | 696JAN |
| Source of classification or shelving scheme | Dewey Decimal Classification |
| Withdrawn status | Item status | Source of classification or shelving scheme | Damaged status | Not for loan | Vendor | Home library | Current library | Shelving location | Date acquired | Source of acquisition | Cost, normal purchase price | Total Checkouts | Full call number | Barcode | Date last seen | Date last borrowed | Cost, replacement price | Koha item type |
|---|---|---|---|---|---|---|---|---|---|---|---|---|---|---|---|---|---|---|
| Dewey Decimal Classification | Central Library | Central Library | First floor | 06/08/2015 | 317.00 | 2 | 696 JAN | 000003535 | 15/07/2025 | 16/05/2015 | 396.25 | Book - Borrowing |